[Event "St Petersburg Korchnoi Memorial op"]
[Site "St Petersburg"]
[Date "2024.08.20"]
[Round "7"]
[White "Shirokun, Aleksey"]
[Black "Shaidullin, Askar"]
[Result "0-1"]
[WhiteElo "1680"]
[BlackElo "2047"]
[PlyCount "80"]
[EventDate "2024.08.17"]
[EventType "swiss"]
[EventRounds "9"]
[EventCountry "RUS"]
[SourceTitle "EXT 2025"]
[Source "ChessBase"]
[SourceDate "2024.10.14"]
[SourceVersion "1"]
[SourceVersionDate "2024.10.14"]
[SourceQuality "1"]

1. d4 f5 2. g3 Nf6 3. Bg2 d6 4. Nf3 g6 5. 0-0 Bg7 6. b4 c6 7. Bb2 a5 8. bxa5 Qxa5 9. c4 Be6 10. Nbd2 Nbd7 11. Qc2 Qa4 12. Qb3 h6 13. Rfb1 0-0 14. Ne1 Rfc8 15. Bc3 b5 16. d5 cxd5 17. Qxb5 Qxb5 18. Rxb5 Ra4 19. cxd5 Bf7 20. Bb2 Nc5 21. Rc1 Be8 22. Rb7 Bd7 23. Rb6 Rxa2 24. Nd3 Nxd3 25. Rxc8+ Bxc8 26. exd3 Ba6 27. Nc4 Bxc4 28. dxc4 Nd7 29. Rb7 Rxb2 30. Rxd7 Kf8 31. c5 dxc5 32. d6 exd6 33. Rxd6 c4 34. Rxg6 c3 35. Rc6 Bd4 36. h4 Rxf2 37. Bf1 Rd2+ 38. Kh1 c2 39. Rc8+ Ke7 40. h5 Bb2 0-1

[Event "St Petersburg Korchnoi Memorial op"]
[Site "St Petersburg"]
[Date "2024.08.19"]
[Round "5"]
[White "Popov, Maksim1"]
[Black "Shirokun, Aleksey"]
[Result "1-0"]
[WhiteElo "2362"]
[BlackElo "1680"]
[PlyCount "65"]
[EventDate "2024.08.17"]
[EventType "swiss"]
[EventRounds "9"]
[EventCountry "RUS"]
[SourceTitle "EXT 2025"]
[Source "ChessBase"]
[SourceDate "2024.10.14"]
[SourceVersion "1"]
[SourceVersionDate "2024.10.14"]
[SourceQuality "1"]

1. e4 c6 2. d4 d5 3. e5 Bf5 4. Nf3 e6 5. Be2 Ne7 6. c3 Nd7 7. 0-0 c5 8. dxc5 Nc6 9. Nd4 Bg6 10. b4 Ncxe5 11. Be3 Be7 12. Nd2 0-0 13. f4 Nc6 14. N2b3 Be4 15. a4 e5 16. Nxc6 bxc6 17. fxe5 Nxe5 18. Nd4 Bg5 19. Qd2 Bxe3+ 20. Qxe3 Qd7 21. Bf3 f5 22. Bxe4 fxe4 23. Qg5 Nd3 24. b5 cxb5 25. c6 Qd6 26. axb5 Qc5 27. Rxf8+ Rxf8 28. Rf1 Rxf1+ 29. Kxf1 h6 30. Qxg7+ Kxg7 31. Ne6+ Kf7 32. Nxc5 Ke7 33. c7 1-0